000 00497 a2200097 4500
245 0 0 _aMateriały elektroizolacyjne stałe - Metody pomiaru przenikalności elektrycznej i współczynnika strat dielektrycznych PN-86/E-04403 /
_cInstytut Elektrotechniki.Oddz.Techn.i Materiał.Elektrotechn. Wrocław.
246 1 3 _aPN-86/E-04403
246 1 3 _a621.315.61;621.317.335/3
260 _aWarszawa :
_bInstytut Elektrotechniki.Oddz.Techn.i Materiał.Elektrotechn. Wrocław,
_c1986.
300 _a8 stron ;
_c30 cm.
650 _aPolska norma
999 _c20213
_d20213